Melhores Marcadores Benfica - Statistics

Estatísticas Gerais
  • Esse quiz foi jogado 198 vezes
  • A pontuação média é 9 de 25
Estatísticas das Respostas
Golos Resposta % Correto
137 Jonas
90%
59 Eusébio
89%
167 Cardozo
80%
70 Lima
56%
64 Rafa Silva
56%
94 Pizzi
53%
48 Darwin Nunez
50%
22 Gonçalo Ramos
48%
45 Luisão
46%
74 Seferovic
46%
101 Nuno Gomes
43%
52 Mitroglou
42%
62 Salvio
39%
41 Gaitan
38%
89 Simão
38%
45 Rodrigo
37%
39 Saviola
26%
30 Mantorras
24%
31 Raul Jimenez
15%
29 Nené
13%
25 José Augusto
6%
24 Carlos Vinicius
5%
22 Tiago
2%
22 van Hooijdonk
1%
22 Tomislav Sokota
0%
Nenhum quiz correspondente encontrado
Distribuição das Pontuações
Porcentagem de Pessoas com Cada Pontuação
Percentil de Números Respondidos
Sua Pontuação Histórica
Você não jogou esse quiz